| 000 | 01275naa a22003617a 4500 | ||
|---|---|---|---|
| 001 | BR7603987 | ||
| 003 | BR-BrBNA | ||
| 005 | 20240918173913.0 | ||
| 007 | ta | ||
| 008 | 230509b bl.||||| |||| 00| 0 por d | ||
| 040 |
_aBR-BrBNA _bpor _cBiblioteca Nacional de Agricultura |
||
| 041 | _a(Pt) | ||
| 072 |
_aF25; F60 _b1112 _b3840 |
||
| 090 | _aF25 BR7603987 | ||
| 100 | 1 | _aHiroce, R. | |
| 100 | 1 | _aFurlani, A.M.C. | |
| 100 | 1 | _aMoreira, R.S. | |
| 111 | 1 |
_a3. Congresso Brasileiro de Fruticultura _cRio de Janeiro, RJ (Brazil) _d14 Jul 1975 |
|
| 245 | 1 | _aEfeito de cloreto e de sulfato de potassio na composicao quimica de folhas e de frutos da bananeira nanicao [Musa spp] | |
| 260 | 3 |
_aCampinas, SP (Brasil): _c1976. |
|
| 500 | _aAnais do 3. Congresso Brasileiro de Fruticultura Campinas, SP (Brasil): 1976. v. 1. p. 27-33 (BR7603987-AM)F25 | ||
| 650 | _aBANANA | ||
| 650 | _aVARIEDADE | ||
| 650 | _aADUBACAO | ||
| 650 | _aCLORETO DE POTASSIO | ||
| 650 | _aCLORETO DE SULFATO | ||
| 650 | _aANALISE QUIMICA | ||
| 650 | _aCOMPOSICAO QUIMICA | ||
| 650 | _aFOLHA | ||
| 773 | 0 |
_tAnais do 3. Congresso Brasileiro de Fruticultura _wF25 BR7603987 _gCampinas, SP (Brasil), 1976. v. 1. p. 27-33 |
|
| 909 |
_a202404 _bLucia _c55 _dLucia Elande |
||
| 942 |
_cAM _2AGRIS |
||
| 999 |
_c307603 _d307603 |
||